Monuments en B (par images). - Statistiques

Statistiques générales
  • Ce quiz a été pris 262 fois
  • Le résultat moyen est 5 sur 14
Statistiques - réponses
Par images Hint Réponse % Correct
Royaume-Uni Big Ben
100%
Émirats arabes unis Burj Khalifa
79%
Royaume-Uni Buckingham Palace
71%
France Bibliothèque Nationale de France
62%
France Basilique du Sacré-Coeur
55%
Irak Tour de Babel
46%
Vatican Basilique Saint-Pierre
45%
États-Unis Brooklyn Bridge
41%
Émirats arabes unis Burj Al Arab
16%
Royaume-Uni British Museum
13%
Indonésie Borobudur
6%
France Le Bataclan
6%
Écosse Balmoral Hotel
5%
Autriche Palais du Belvédère
4%
Aucun quiz correspondant
Distribution des résultats
% des personnes avec chaque résultat
Percentile par nombre de réponses
Votre historique - résultats
Vous n’avez pas pris ce quiz